| 000 | 00331nam a22001337a 4500 | ||
|---|---|---|---|
| 020 | _qHB. | ||
| 040 | _cFIZZA ISHAQ | ||
| 082 |
_a690.21 _bWIL |
||
| 100 |
_aWILDE,DE PIETER. _991839 |
||
| 245 |
_aBUILDING PERFORMANCE ANALYSIS / _cPIETER DE WILDE. |
||
| 260 |
_aLONDON ; _bWILEYSON, _c2018. |
||
| 300 | _a597 P. ; | ||
| 942 |
_2ddc _cBK |
||
| 999 |
_c589975 _d589975 |
||